Ollantay cantos y narraciones Quechuas / (Record no. 6152)

000 -CABECERA
fixed length control field 00844nam a22002537a 4500
003 - IDENTIFICADOR DEL NÚMERO DE CONTROL
control field AR-CdUCM
008 - DATOS DE LONGITUD FIJA--INFORMACIÓN GENERAL
fixed length control field 190313b ||||| |||| 00| 0 spa d
040 ## - FUENTE DE LA CATALOGACIÓN
Agencia/entidad que catalogó originalmente la obra MUNICIPALIDAD PROVINCIAL DEL CUSCO
Entidad que transcribió la catalogación BIBLIOTECA MUNICIPAL DEL CUSCO
082 ## - NÚMERO DE LA CLASIFICACIÓN DECIMAL DEWEY
No. de Clasificación 869.50 /
Notacion interna O49
100 ## - ENTRADA PRINCIPAL--NOMBRE DE PERSONA
Nombre Personal Anonimo
245 ## - MENCIÓN DE TÍTULO
Título Ollantay cantos y narraciones Quechuas /
260 ## - PUBLICACIÓN, DISTRIBUCIÓN, ETC.
Lugar de publicación, distribución, etc. Lima :
Nombre de la editorial, distribuidor, etc. Patronato del Libro Peruano,
300 ## - DESCRIPCIÓN FÍSICA
Nº de Páginas Extensión 122 paginas ;
Dimensiones 17 cm.
440 ## - MENCIÓN DE SERIE/PUNTO DE ACCESO ADICIONAL--TÍTULO
Título Segunda serie de autores peruanos
9 (RLIN) 17815
505 ## - NOTA DE CONTENIDO CON FORMATO
Nota de contenido formateada Contenido :Teatro /
650 ## - PUNTO DE ACCESO ADICIONAL DE MATERIA--TÉRMINO DE MATERIA
Descriptor Teatro histórico peruano
9 (RLIN) 3120
650 ## - PUNTO DE ACCESO ADICIONAL DE MATERIA--TÉRMINO DE MATERIA
Descriptor Época Colonial
9 (RLIN) 645
650 ## - PUNTO DE ACCESO ADICIONAL DE MATERIA--TÉRMINO DE MATERIA
Descriptor Literatura peruana
9 (RLIN) 169
710 ## - PUNTO DE ACCESO ADICIONAL--NOMBRE DE ENTIDAD CORPORATIVA
Nombre corporativo (En letras Mayúsculas) Empresas eléctricas asociadas e hidrandina
9 (RLIN) 17816
710 ## - PUNTO DE ACCESO ADICIONAL--NOMBRE DE ENTIDAD CORPORATIVA
Nombre corporativo (En letras Mayúsculas) Patronato del Libro Peruano
9 (RLIN) 1671
942 ## - ELEMENTOS DE PUNTO DE ACCESO ADICIONAL (KOHA)
Fuente de clasificación
Tipo de item Libros-BMC
945 ## - PROCESAMIENTO DE INFORMACIÓN LOCAL (OCLC)
Catalogador rjall
Holdings
Estado de retiro (separado) Fuente de clasificación o esquema de estanterías Estado dañado Ubicación Sala donde se ubica Nombre de la colección Fecha de adquisición o compra Costo, precio normal en soles Signatura topográfica Código de Barras Última vez visto (Koha) Tipo de ítem (Koha)
No     Sala Humanidades Sala Humanidades Book Cart 2019-03-13 13.00 869.50 / O49 SH0000006773 2019-03-13 Libros-BMC
No     Sala Humanidades Sala Humanidades Book Cart 2019-03-13 13.00 869.50 / O49 / e.2 SH0000006794 2019-03-15 Libros-BMC
No     Sala Humanidades Sala Humanidades Book Cart 2019-05-07 13.00 869.50 / O49 / e.3 SH0000012078 2019-05-07 Libros-BMC

Powered by Koha